Eficacia en los mercados de futuros sobre hidrocarburos (Registro nro. 28182)

Detalles MARC
000 -LEADER
fixed length control field 00319 a2200109 4500
001 - CONTROL NUMBER
control field ART_33049
005 - DATE AND TIME OF LATEST TRANSACTION
control field 20260410161926.0
008 - FIXED-LENGTH DATA ELEMENTS--GENERAL INFORMATION
fixed length control field 260409a
100 1# - MAIN ENTRY--PERSONAL NAME
Personal name Abriata, Bruno
245 10 - TITLE STATEMENT
Title Eficacia en los mercados de futuros sobre hidrocarburos
773 0# - HOST ITEM ENTRY
Title Lecturas
Related parts - Nº 13 (ene. 2009)
Record control number REV19328

No hay ítems disponibles.